Manual of symbols and terminology for physicochemical quantities and units : adopted by the IUPAC Council at Cortina d'Ampezzo, Italy, on 7 July 1969 /

Guardado en:
Autor Corporativo: International Union of Pure and Applied Chemistry. Commission on Physicochemical Symbols, Terminology and Units.
Otros Autores: McGlashan, Maxwell Len, 1924-
Formato: Libro
Idioma:English
Publicado: London : Butterworths, 1970.
Etiquetas: Agregar Etiqueta
Sin Etiquetas, Sea el primero en etiquetar este registro!
LEADER 00838nam a22001695a 4500
001 EEA.libagro002321
005 20191010110721.0
008 130809s1970####enk###########000#0#eng#d
020 |a 0408893508 
082 0 4 |a 541.014 
110 2 |a International Union of Pure and Applied Chemistry.  |b Commission on Physicochemical Symbols, Terminology and Units. 
245 1 0 |a Manual of symbols and terminology for physicochemical quantities and units :  |b adopted by the IUPAC Council at Cortina d'Ampezzo, Italy, on 7 July 1969 /  |c prepared for publication by M. L. McGlashan. 
260 |a London :  |b Butterworths,  |c 1970. 
300 |a [1], 44 p. ;  |c 26 cm. 
500 |a "The contents of this book appear in Pure and applied chemistry, Vol. 21. No. 1 (1970).". 
700 1 |a McGlashan, Maxwell Len,  |d 1924- 
859 |a AR-BbBCA  |b BIB. AGRONOMIA  |h C541.014  |i I61  |p 1977/0013